00439nam a2200157Ia 4500008004100000020001500041041001200056082001600068100002100084245007000105250000900175260004900184300000800233650001500241700002500256221030s9999 xx 000 0 und d a8122406173 aEnglish a105.23bBha aS. S. Bhavikatti 0aEngineering Mechanicscby S. S. Bhavikatti , K. G. Rajashekarappa aRev. bNew Age International Pub.aNew Delhic2000 a537 aMechanical aK. G. Rajashekarappa